1263 1647 1657 1385 1805 1511 1049 1376 1304 1174 1686 1310 1339 1827 1253 1508 1915 1606 1626 1894 1219 1048 1413 1733 1127 1410 1949 1449 1229 1155 1024 2000 1818 1509 1596 1875 1809 1082 1348 1939 1724 1287 1068 1961 1011 1780 1778 1975 1383 1040 1887 1794 1838 1917 1692 1661 1203 1087 1685 1570 1163 1732 1128 1537 1189 1491 1492 1772 1159 1515 1544 1266 1125 1019 1401 1506 1938 1505 1944 1578 1619 1209 1352 1440 1670 1362 1131 1961 1982 1065 1569 1947 1810 1573 1494 1887 1218 1224 1077 BCNSPRNW ULIB Ver.6.0+V

เปลี่ยนเป็นภาษาไทย

Change to English
 แสดงรายละเอียดบรรณานุกรม
  กลับหน้าหลัก

Brief Record : Get Marc (ISO 2709) : E-mail record : QR code < ปิดหน้าต่าง
LEADER : 00000nam 2200000uu 4500
001    13399112332
003     ULIB
008    110627s||||||||th 000 0 tha d
020    9786160603282
090    นว.^bT111E มปป.
100 0  The Little Finger
245 00 Evil Queen s Fairy Tale...เหวี่ยงร้ายให้หัวใจตกหลุมรัก/^cThe Little Finger
260    กรุงเทพฯ :^bแจ่มใส,^cมปป.
300    249 หน้า
710 1  แจ่มใส
945    ^p179^l0^i030399
995    ทศพร
999 ^a ใช้งานได้ทุกระบบ
รายการนี้ยังไม่มีแท็ก
คุณยังไม่ได้ล็อกอิน คุณสามารถมีกิจกรรมร่วมกับเว็บไซต์ได้ แต่ต้องล็อกอินก่อน ::
  ล็อกอิน

รายการสื่อสารสนเทศ

ลำดับที่ ประเภท เลขเรียก/บาร์โค้ด สถานที่ สถานะ
- ไม่พบข้อมูล -

รายการใกล้เคียง
    ผู้แต่ง [The Little Finger]

BibComment


ยังไม่เคยถูกคอมเมนท์

คอมเมนท์ทรัพยากรรายการนี้
  คอมเมนท์: Evil Queen s Fair..


 Copyright 2026. Bcnsprnw @Library